Human factors engineering /
Na minha lista:
| Autor principal: | |
|---|---|
| Formato: | Livro |
| Idioma: | English |
| Publicado em: |
New York; Chichester :
John Wiley and Sons,
2000.
|
| Assuntos: | |
| Tags: |
Adicionar Tag
Sem tags, seja o primeiro a adicionar uma tag!
|
| Thư viện lưu trữ: | Mạng thư viện Đại học Đà Nẵng |
|---|
| LEADER | 01062cam a2200337 i 4500 | ||
|---|---|---|---|
| 001 | 000046100 | ||
| 003 | 5370 | ||
| 005 | 20180110090010.0 | ||
| 008 | 010220b2000 vm 000 eng | ||
| 020 | |a 0471240893 | ||
| 040 | |a LRCC |c LRCC |d LRCC | ||
| 041 | 0 | |a eng | |
| 082 | 1 | 4 | |a 620.82 |b PH-C |
| 100 | 1 | |a Philips, Chandler A. | |
| 245 | 0 | 0 | |a Human factors engineering / |c Chandler A. Philips. |
| 260 | |a New York; Chichester : |b John Wiley and Sons, |c 2000. | ||
| 300 | |a xi, 564p. : |b ill. | ||
| 630 | 0 | 4 | |a Human engineering. |
| 650 | 0 | 4 | |a Human engineering. |
| OWN | |a DUT | ||
| AVA | |a UDN50 |b DUT |c Book |d 620.82 PH-C |e available |t Error 5001 Not defined in file expand_doc_bib_avail. |f 1 |g 0 |h N |i 0 |j SH |k 1 | ||
| 999 | |a From the UDN01 | ||
| AVA | |a UDN50 |b DUT |c Book |d 620.82 PH-C |e available |t Error 5001 Not defined in file expand_doc_bib_avail. |f 1 |g 0 |h N |i 0 |j SH |k 1 | ||
| TYP | |a Monograph | ||
| TYP | |a Printed language | ||
| 980 | |a Mạng thư viện Đại học Đà Nẵng | ||


